| 000 | 00357nam a2200145Ia 4500 | ||
|---|---|---|---|
| 008 | 230917s9999||||xx |||||||||||||| ||und|| | ||
| 040 |
_e130047 _aMAIN |
||
| 041 | _aEnglish | ||
| 082 | _a364.1 E94C | ||
| 100 | _aEdwardes, S M | ||
| 245 | 0 | _aCrime in British India | |
| 260 |
_aNew Delhi _bABC Publishing House _c1983 |
||
| 300 | _avi, 140 p. | ||
| 942 | _cBK | ||
| 999 |
_c56094 _d56094 |
||